Multinacionales y sistemas de comunicación

Guardat en:
Dades bibliogràfiques
Autor principal: Mattelart, Armand
Format: Text
Publicat: México D.F.: Siglo Veintiuno
Edició:2
Etiquetes: Afegir etiqueta
Sense etiquetes, Sigues el primer a etiquetar aquest registre!

MARC

LEADER 00000 a a2200000 04500
001 25010
003
040 |a CRAI/IIS  |c CRAI/IIS 
020 |a 968-23-0882-8  
090 |a 176900  
100 |a Mattelart, Armand  
245 |a Multinacionales y sistemas de comunicación  
250 |a 2  
260 |a México D.F.:   |b Siglo Veintiuno  
300 |a 343 p.   |b **no definido**  
999 |c 5602  |d 5602